South America by Five Letters Quiz Stats

 Plays Quiz Updated Nov 7, 2017

Challenge
Share
Tweet
Score 0/11 Timer 01:00
1 Play Today
% Correct
Brazil
96.5%
Chile
92.1%
Argentina
91.2%
Colombia
83.8%
Venezuela
80.6%
Bolivia
79.4%
Ecuador
79.4%
Paraguay
79.2%
Suriname
77.6%
Guyana
75.2%
Uruguay
73.2%

You're not logged in!

Compare scores with friends on all Sporcle quizzes.
Join for Free
OR
Log In

You Might Also Like...

Show Comments

Extras

Top Quizzes Today


Score Distribution

Your Account Isn't Verified!

In order to create a playlist on Sporcle, you need to verify the email address you used during registration. Go to your Sporcle Settings to finish the process.

Report this User

Report this user for behavior that violates our Community Guidelines.

Details: